Dôchodkové fondy v SR diplomová práca

Salvato in:
Dettagli Bibliografici
Autore principale: Urbanský, Tomáš
Ente Autore: Fakulta hospodárskej informatiky EU. Katedra operačného výskumu a ekonometrie
Altri autori: Pekár, Juraj, 1972-
Natura: Libro
Lingua:slovacco
Pubblicazione: Bratislava 2008
Tags: Aggiungi Tag
Nessun Tag, puoi essere il primo ad aggiungerne!!

MARC

LEADER 00000nam$a2200000$$$4500
001 0083759
005 20240201115024.0
041 0 |a slo 
044 |a SK 
245 1 0 |a Dôchodkové fondy v SR  |b diplomová práca  |c Tomáš Urbanský ; škol. Juraj Pekár 
264 1 |a Bratislava  |c 2008 
300 |a 51 s. 
100 1 |a Urbanský, Tomáš 
700 1 |a Pekár, Juraj, 1972- 
710 2 |a Fakulta hospodárskej informatiky EU. Katedra operačného výskumu a ekonometrie